| 000 | 01368nam a22002417a 4500 | ||
|---|---|---|---|
| 999 |
_c57626 _d57626 |
||
| 003 | Ge_BSU | ||
| 005 | 20210416132454.0 | ||
| 008 | 200819s2019 ge ||||| |||| 00| 0 geo d | ||
| 020 | _a9789941256660 | ||
| 041 | _ageo | ||
| 080 | _a343 (0.82) ს-26 | ||
| 245 |
_aსანქციები სისხლის სამართალში / _cავტორები: ნონა თოდუა, მაია ივანიძე, ლალაი ფაფიაშვილი, ირინე ხერხეულიძე, თემურ ცქიტიშვილი; რედაქტორები: ნონა თოდუა, მაია ივანიძე. |
||
| 264 |
_a თბილისი: _bმერიდიანი, _c2019. |
||
| 300 |
_a487 გვ. _b20 სმ. |
||
| 653 | _aსამართალი | ||
| 653 | _aსისხლის სამართალი | ||
| 700 |
_aთოდუა, ნონა _eრედაქტორი _95363 |
||
| 700 |
_aივანიძე, მაია _eრედაქტორი _96339 |
||
| 700 |
_aფაფიაშვილი, ლალი _eავტორი _94554 |
||
| 700 |
_aხერხეულიძე, ირინე _eავტორი _99258 |
||
| 700 |
_aცქიტიშვილი, თემურ _eავტორი _99259 |
||
| 942 |
_2udc _cBK |
||